Call it courage / (Record no. 2615)

MARC details
000 -LEADER
fixed length control field 01055cam a22003131 4500
001 - CONTROL NUMBER
control field 2615
003 - CONTROL NUMBER IDENTIFIER
control field FISKH
005 - DATE AND TIME OF LATEST TRANSACTION
control field 20240104152750.0
008 - FIXED-LENGTH DATA ELEMENTS--GENERAL INFORMATION
fixed length control field 790809s1940 nyua j 000 1 eng
010 ## - LIBRARY OF CONGRESS CONTROL NUMBER
LC control number 40004229
020 ## - INTERNATIONAL STANDARD BOOK NUMBER
International Standard Book Number 9780590406116
040 ## - CATALOGING SOURCE
Original cataloging agency DLC
Language of cataloging eng
Transcribing agency DLC
Modifying agency DLC
042 ## - AUTHENTICATION CODE
Authentication code lcac
043 ## - GEOGRAPHIC AREA CODE
Geographic area code pops---
050 00 - LIBRARY OF CONGRESS CALL NUMBER
Classification number PZ8.1.S75
Item number Cal
082 00 - DEWEY DECIMAL CLASSIFICATION NUMBER
Classification number [398.2]
Edition number 20
100 1# - MAIN ENTRY--PERSONAL NAME
Personal name Sperry, Armstrong,
Dates associated with a name 1897-1976.
245 10 - TITLE STATEMENT
Title Call it courage /
Statement of responsibility, etc. Armstrong Sperry: illustrations by Dom Lupo
250 ## - EDITION STATEMENT
Edition statement This printing, April 2008
260 ## - PUBLICATION, DISTRIBUTION, ETC.
Place of publication, distribution, etc. New York,
Name of publisher, distributor, etc. Scholastic,
Date of publication, distribution, etc. 1940
300 ## - PHYSICAL DESCRIPTION
Extent 92 pages :
Other physical details illustrations ;
Dimensions 18 cm
520 ## - SUMMARY, ETC.
Summary, etc. Relates how Mafatu, a young Polynesian boy whose name means Stout Heart, overcomes his terrible fear of the sea and proves his courage to himself and his people.
650 #1 - SUBJECT ADDED ENTRY--TOPICAL TERM
Topical term or geographic name entry element Folklore
650 #1 - SUBJECT ADDED ENTRY--TOPICAL TERM
Topical term or geographic name entry element Courage
General subdivision Folklore.
650 #1 - SUBJECT ADDED ENTRY--TOPICAL TERM
Topical term or geographic name entry element Survival
General subdivision Folklore.
710 2# - ADDED ENTRY--CORPORATE NAME
Corporate name or jurisdiction name as entry element Juvenile Collection (Library of Congress)
Institution to which field applies DLC
906 ## - LOCAL DATA ELEMENT F, LDF (RLIN)
a 7
b cbc
c orignew
d u
e ocip
f 19
g y-gencatlg
942 ## - ADDED ENTRY ELEMENTS (KOHA)
Source of classification or shelving scheme Dewey Decimal Classification
Koha item type Books
Suppress in OPAC No
Holdings
Withdrawn status Lost status Source of classification or shelving scheme Damaged status Not for loan Collection Home library Current library Shelving location Date acquired Total Checkouts Full call number Barcode Date last seen Copy number Price effective from Koha item type
    Dewey Decimal Classification     Fiction Footprints International School Library Network Toul Kork Campus Footprints International School Library Network Toul Kork Campus   01/04/2024   SPE Fic PZ8.S75 FIS01280 01/04/2024 1 01/04/2024 Books
    Dewey Decimal Classification     Fiction Footprints International School Library Network Toul Kork Campus Footprints International School Library Network Toul Kork Campus TTP Secondary Fiction Bookshelves 03/21/2024   SPE PZ8.S75 398.2 2024-0384 03/21/2024 2 03/21/2024 Books